LIBRARY ONLINE CATALOGUE

Financial Accounting and Reporting (Record no. 19257)

MARC details
000 -LEADER
fixed length control field 00534nam a22001817a 4500
008 - FIXED-LENGTH DATA ELEMENTS--GENERAL INFORMATION
fixed length control field 220310b |||||||| |||| 00| 0 eng d
020 ## - INTERNATIONAL STANDARD BOOK NUMBER
International Standard Book Number 1473767300
050 ## - LIBRARY OF CONGRESS CALL NUMBER
Classification number HF5681
Item number .S86 2020
100 ## - MAIN ENTRY--PERSONAL NAME
Personal name Stolowy, Herve
245 ## - TITLE STATEMENT
Title Financial Accounting and Reporting
Remainder of title a Global Perspective
Statement of responsibility, etc. Herve Stolowy, Yuan Ding & Luc Paugam
250 ## - EDITION STATEMENT
Edition statement 6th ed.
260 ## - PUBLICATION, DISTRIBUTION, ETC. (IMPRINT)
Place of publication, distribution, etc. Australia
Name of publisher, distributor, etc. Cengage Learning
Date of publication, distribution, etc. 2020
300 ## - PHYSICAL DESCRIPTION
Extent xxvi, 703p.
650 ## - SUBJECT ADDED ENTRY--TOPICAL TERM
Topical term or geographic name as entry element Financial statements
700 ## - ADDED ENTRY--PERSONAL NAME
Personal name Ding, Yuan
700 ## - ADDED ENTRY--PERSONAL NAME
Personal name Paugam, Luc
942 ## - ADDED ENTRY ELEMENTS (KOHA)
Source of classification or shelving scheme Library of Congress Classification
Koha item type General Collection
Holdings
Withdrawn status Lost status Source of classification or shelving scheme Not for loan Home library Current library Date acquired Total Checkouts Full call number Barcode Date last seen Price effective from Koha item type
    Library of Congress Classification   Kabarak, Main Campus Kabarak, Main Campus 10/03/2022   HF5681 .S86 2020 c.1 031593 10/03/2022 10/03/2022 General Collection